Responses for Show #8037 - Tuesday, July 16, 2019

Sam Kavanaugh game 5.

Contestants

[<< previous game]

JJ Harris, a community volunteer from Petaluma, California

Peter Smith, a lawyer from Mar Vista, California

Sam Kavanaugh, a teacher from Minneapolis, Minnesota (whose 4-day cash winnings total $113,801)

[next game >>]

Jeopardy! Round responses

O CAPTAIN! MY CAPTAIN!
LANGUAGE LAB
IT'S ALL IN THE PAST
FANCY RESTAURANTS
THAT MOVIE'S IN BOSTON
WICKED!
    $200 10
the Concorde

Sam
    $200 8
a wine cellar

Sam
    $200 24
Good Will Hunting

Sam
    $200 1
naughty

Peter
    $400 12
Cap'n Crunch

Sam
    $400 27
[The end-of-round signal sounds.]

crucible

Peter
    $400 25
the Great Depression

Peter
    $400 9
caviar

JJ
    $400 6
Fenway

Peter
    $400 2
rotten

Peter
    $600 11
Captain Hook

JJ
    $600 14
scale

Triple Stumper
    $6,600 23
(Alex: Less than a minute now.)

George

Sam
    $600 17
(Peter: What are lobsters?)
(JJ: What are snails?)
...
(Alex: "Grenouille" is French for "frog"--[*].)

frogs' legs

PeterJJ
Triple Stumper
    $600 7
Ted

JJ
    $600 3
abominable

Sam
    $800 15
Captain Cook

JJ
    $800 16
a dropper

Sam
    $800 13
Ford's Theatre

Sam
    $800 19
The Departed

Sam
    $800 4
evil

Sam
    $1000 18
the Skipper

Sam
    $1000 22
the Netherlands

Sam
    $1000 20
the Templar

JJ
    $1000 21
asparagus

JJ
    $1000 26
Eddie Coyle

JJ
    $1000 5
profane

Triple Stumper

Scores at the first commercial break (after clue 15):

Sam Peter JJ
$3,000 $1,000 $2,400

Scores at the end of the Jeopardy! Round:

Sam Peter JJ
$13,400 $1,200 $4,800

Double Jeopardy! Round responses

ANDREW DAVIES
(Alex: The British TV writer whose work, of course, is well-known to many American TV viewers.)
FOLLOW THE LEADER
STATE CAPITALS
IN THE AIR
POTPOURRI
ENDS WITH "ART"
    $400 30
George Eliot

Peter
    $400 20
(James) Comey

JJ
    $400 28
Sacramento

Sam
    $400 29
Noah

Peter
    $400 11
Cinderella

Peter
    $400 17
a rampart

Triple Stumper
    $800 21
Les Miserables

Peter
    $800 3
Bud Selig

JJ
    $800 27
Columbia

Peter
    $800 9
autopilot

Sam
    $800 13
Q

Sam
    $800 18
Cuisinart

Peter
    $1200 24
House of Cards

Triple Stumper
    $1200 22
(Leonid) Brezhnev

JJ
    $2,000 1
Harrisburg (Pennsylvania)

Peter
    $1200 6
starlings

JJ
    $1200 14
hyperbaric

JJ
    $1200 2
the apple cart

Sam
    $1600 25
(Alex: Less than a minute now.)

Dickens

Peter
    $1600 23
Ben Bernanke

JJ
    $1600 4
Concord

Triple Stumper
    $6,000 7
(Alex: Yes, in The Kite Runner.)

a kite

JJ
    $1600 15
a Jerusalem artichoke

Sam
    $1600 8
a braggart

Sam
    $2000 26
Colin Firth

JJ
    $2000 19
(Peter: Who is Mark Antony?)

Marcus Aurelius

SamPeter
    $2000 5
Topeka

JJ
    $2000 10
Skylab

Sam
    $2000 16
balsa wood

Sam
    $2000 12
a stalwart

Sam

Scores at the end of the Double Jeopardy! Round:

Sam Peter JJ
$27,800 $6,400 $21,200

[wagering suggestions for these scores]

Final Jeopardy! Round responses

EUROPEAN COUNTRY NAMES
PeterWhat is Macedonia
$6,400
JJWhat
$8,399
SamWhat is North Macedonia
$14,601
North Macedonia

Final scores:

Sam Peter JJ
$42,401 $12,800 $12,801
5-day champion: $156,202 3rd place: $1,000 2nd place: $2,000

Game dynamics:

Coryat scores:

Sam Peter JJ
$21,800 $5,600 $16,800
22 R
(including 1 DD),
0 W
13 R
(including 1 DD),
2 W
16 R
(including 1 DD),
1 W

Combined Coryat: $44,200

[game clues] [game scores] [suggest correction]

Game tape date: 2019-03-30
The J! Archive is created by fans, for fans. Scraping, republication, monetization, and malicious use prohibited; this site may use cookies and collect identifying information. See terms. The Jeopardy! game show and all elements thereof, including but not limited to copyright and trademark thereto, are the property of Jeopardy Productions, Inc. and are protected under law. This website is not affiliated with, sponsored by, or operated by Jeopardy Productions, Inc. Join the discussion at JBoard.tv.